| Поле | Название | Значение |
| |
Тип записи |
a |
| |
Библиографический уровень |
m |
| 001 |
Контрольный номер |
BIBLIOCLUB\0000576191 |
| 005 |
Дата корректировки |
20260430151604.5 |
| 006 |
|
m o d |
| 007 |
Элементы данных для физической характеристики |
c||||||||||||| |
| 008 |
Кодируемые данные |
s2017 rus o rus d |
| 020 |
Индекс ISBN |
__ |
| a |
ISBN |
978-5-7782-3209-9 |
| 041 |
Код языка издания |
0_ |
| a |
Код языка текста |
rus |
| 084 |
Индекс другой классификации/Индекс ББК |
__ |
| a |
Индекс другой классификации/Индекс ББК |
39.52я73 |
| b |
Номер единицы |
LBC/PL |
| 2 |
Источник индекса |
rubbk |
| 245 |
Заглавие |
10 |
| a |
Заглавие |
Экспериментальный модальный анализ летательных аппаратов |
| b |
Продолж. заглавия |
учебник |
| c |
Ответственность |
В. А. Берис, А. В. Долгополов, Е. П. Жуков, В. Н. Лушин, Д. А. Маринин |
| c |
Ответственность |
Новосибирский государственный технический университет |
| 260 |
Выходные данные |
__ |
| a |
Место издания |
Новосибирск |
| b |
Издательство |
Новосибирский государственный технический университет |
| c |
Дата издания |
2017 |
| 300 |
Физическое описание |
__ |
| a |
Объем |
160 с. |
| b |
Иллюстрации/ тип воспроизводства |
ил., табл., схем., граф. |
| 490 |
Серия |
1_ |
| a |
Заглавие серии |
Учебники НГТУ |
| 504 |
Библиография |
__ |
| a |
Библиография |
Библиогр. в кн |
| 653 |
Ключевые слова |
1_ |
| a |
Ключевые слова |
Учебник для высшей школы |
| 700 |
Другие авторы |
_1 |
| a |
Другие авторы |
Берис В. А. |
| 700 |
Другие авторы |
_1 |
| a |
Другие авторы |
Долгополов А. В. |
| 700 |
Другие авторы |
_1 |
| a |
Другие авторы |
Жуков Е. П. |
| 700 |
Другие авторы |
_1 |
| a |
Другие авторы |
Лушин В. Н. |
| 700 |
Другие авторы |
_1 |
| a |
Другие авторы |
Маринин Д. А. |
| 830 |
Заголовок добавочной библ.записи на серию - унифицированное заглавие |
_0 |
| a |
Унифицированное заглавие |
Учебники НГТУ |
| 856 |
Электронный адрес документа |
40 |
| 3 |
Область применения данных поля |
Университетская библиотека ONLINE |
| u |
URL |
https://biblioclub.ru/index.php?page=book&id=576191 |
| 900 |
Электронные ресурсы |
__ |
| a |
Имя электронного ресурса |
https://img.biblioclub.ru/sm_cover/88d62b68052869991e8aa21bfd258ff3imykysjwne/cover.jpg |